Slovenskí dopravcovia si hľadajú miesto na trhu

Perspektívy leteckej dopravy na Slovensku po vstupe do Európskej únie. Správny alternatívny produkt. Air Slovakia a jej miesto na trhu. Postavenie a situácia Slovenských aerolínií. Budúcnosť slovenských letísk.

Guardado en:
Detalles Bibliográficos
Autor principal: Blažej, Ján
Formato: Capítulo de libro
Lenguaje:eslovaco
Materias:
Etiquetas: Agregar Etiqueta
Sin Etiquetas, Sea el primero en etiquetar este registro!

MARC

LEADER 00000naa$a2200000$$$4500
001 0002763
005 20230426123150.3
041 0 |a slo 
044 |a SK 
245 1 0 |a Slovenskí dopravcovia si hľadajú miesto na trhu  |c aut. Ján Blažej 
520 |a Perspektívy leteckej dopravy na Slovensku po vstupe do Európskej únie. Správny alternatívny produkt. Air Slovakia a jej miesto na trhu. Postavenie a situácia Slovenských aerolínií. Budúcnosť slovenských letísk. 
610 2 0 |a doprava letecká 
610 2 0 |a Slovensko 
610 2 0 |a letiská 
610 2 0 |a spoločnosti letecké 
610 2 0 |a trh 
610 2 0 |a firmy 
610 2 0 |a samospráva miestna 
610 2 0 |a Európska únia 
100 1 |a Blažej, Ján